000 00658cam a2200181 i 4500
001 18306786
005 20241025183120.0
008 140918s2014 gh b 001 0 eng
020 _a9789988199616
050 0 0 _aKRX3542
_b.B76 2014
100 1 _aBrobbey, S. A.
245 1 0 _aEssentials of the Ghana law of evidence /
_cby Hon Justice S.A. Brobbey, former justice of the Supreme Court, Ghana, former chief justice of the Republic of the Gambia, senior lecturer, Ghana School of Law.
250 _a1st
260 _aAccra, Ghana
_bDatro Publications
_cc2014
300 _alv, 622 pages ;
_c23 cm
650 0 _aEvidence (Law)
_zGhana.
942 _2lcc
_cBK
_e1st
_n0
999 _c223
_d223